Statystyki dla Kierowcy F1 2020

Kliknij tutaj aby rozwiązać quiz!

Ogólne statystyki

  • Ten quiz został rozwiązany 26 razy
  • Średni wynik to 18 z 20

Statystyki odpowiedzi

NumerKierowca% Poprawnych
55Carlos Sainz
100%
31Esteban Ocon
100%
4Lando Norris
100%
44Lewis Hamilton
100%
33Max Verstappen
100%
11Sergio Perez
100%
77Valtteri Bottas
100%
3Daniel Ricciardo
95%
63George Russell
95%
20Kevin Magnussen
95%
7Kimi Raikkonen
95%
18Lance Stroll
95%
5Sebastian Vettel
95%
10Pierre Gasly
91%
16Charles Leclerc
86%
6Nicholas Latifi
86%
99Antonio Giovinazzi
82%
8Romain Grosjean
82%
23Alexander Albon
68%
26Daniil Kvyat
55%

Rozkład punktacji

Percentyl według liczby udzielonych odpowiedzi

Procent ludzi z każdym wynikiem

Twoja historia wyników

Nie rozwiązałeś tego quizu